[Event "Bayerische Meisterschaft (Frauen) 2015"]
[Site "Westerndorf St.Peter/Rosenheim"]
[Date "2015.08.22"]
[Round "1.1"]
[White "Lorenz, Oda"]
[Black "Huber, Dorit"]
[Result "1-0"]
[WhiteElo "1805"]
[BlackElo "1612"]
[PlyCount "45"]
[EventDate "2015.08.22"]
[WhiteTeam "SG Augsburg 1873"]
[BlackTeam "SK Germering"]

1. e4 c6 2. d4 d5 3. exd5 cxd5 4. c4 Nf6 5. Nc3 Bf5 6. Nf3 h6 7. h3 e6 8. c5
Nc6 9. Bb5 Be7 10. Ne5 O-O 11. Bxc6 bxc6 12. Nxc6 Qc7 13. Nxe7+ Qxe7 14. O-O
Rab8 15. Qf3 Rfd8 16. Re1 Rb4 17. Qxf5 exf5 18. Rxe7 Rxd4 19. Be3 Rc4 20. Nb5
Nd7 21. Nd6 Rc2 22. b4 Rc4 23. Nxc4 1-0

[Event "Bayerische Meisterschaft (Frauen) 2015"]
[Site "Westerndorf St.Peter/Rosenheim"]
[Date "2015.08.22"]
[Round "1.2"]
[White "Janekovic, Vera"]
[Black "Homfeldt, Maren"]
[Result "1-0"]
[WhiteElo "1618"]
[BlackElo "1333"]
[PlyCount "81"]
[EventDate "2015.08.22"]
[WhiteTeam "FC Bayern München"]
[BlackTeam "SC Noris-Tarrasch Nürnberg 1873"]

1. e4 b6 2. Nf3 h6 3. d4 Bb7 4. Nc3 a6 5. Bd3 d6 6. O-O e6 7. Re1 Nd7 8. Bf4
Ne7 9. h3 g6 10. e5 d5 11. Qd2 Bg7 12. Ne2 Kf8 13. Ng3 Kg8 14. c3 Kh7 15. Nh5
Qf8 16. Nxg7 Qxg7 17. Nh2 Rhf8 18. Ng4 Ng8 19. h4 Rfe8 20. h5 Nf8 21. hxg6+
fxg6 22. Re3 h5 23. Rh3 Kh8 24. Nf6 Re7 25. Bg5 Rf7 26. Nxg8 Kxg8 27. Bf6 Rxf6
28. exf6 Qxf6 29. Qh6 Kf7 30. Rf3 Qxf3 31. gxf3 Re8 32. Kh2 e5 33. dxe5 Rxe5
34. Rg1 Re6 35. Qf4+ Ke7 36. Qxc7+ Nd7 37. Qxb7 a5 38. Bxg6 h4 39. Bf5 Re2 40.
Qxd7+ Kf6 41. Rg6+ 1-0

[Event "Bayerische Meisterschaft (Frauen) 2015"]
[Site "Westerndorf St.Peter/Rosenheim"]
[Date "2015.08.22"]
[Round "1.3"]
[White "Weiß, Monika"]
[Black "Milak, Adela"]
[Result "1/2-1/2"]
[WhiteElo "1633"]
[BlackElo "1659"]
[PlyCount "117"]
[EventDate "2015.08.22"]
[WhiteTeam "SC Bavaria Regensburg 1881"]
[BlackTeam "SC Haar 1931"]

1. e4 e5 2. f4 exf4 3. Nf3 Nf6 4. e5 Nd5 5. Bc4 c6 6. Bxd5 cxd5 7. d4 g5 8. O-O
b6 9. Nc3 Ba6 10. Rf2 Bg7 11. Nxd5 Rg8 12. Bd2 Nc6 13. Nb4 Bb7 14. Nxc6 dxc6
15. Bb4 Bf8 16. Bxf8 Kxf8 17. Qd3 Rg6 18. c4 Qd7 19. h4 h6 20. hxg5 hxg5 21.
Nh2 Re8 22. Qa3+ Re7 23. Qxa7 Qxd4 24. Qb8+ Kg7 25. Ng4 Qxc4 26. Nf6 Rxf6 27.
exf6+ Kxf6 28. Qh8+ Kg6 29. Qg8+ Kf6 30. Qh7 Qe4 31. Qh6+ Qg6 32. Qh8+ Qg7 33.
Qd8 Kg6 34. Qxe7 Ba6 35. Qe4+ Kh5 36. Rf3 Bc8 37. Qxc6 Bg4 38. Rb3 Qd4+ 39. Kh2
f3 40. gxf3 Qf2+ 41. Kh1 Qh4+ 42. Kg1 Bh3 43. Qd6 Qc4 44. Rxb6 Be6 45. Qh2+ Kg6
46. Qf2 g4 47. fxg4 Kg7 48. b3 Qc3 49. g5 Qxa1+ 50. Kg2 Bd5+ 51. Kg3 Qe5+ 52.
Kh4 Qe4+ 53. Kg3 Qe5+ 54. Qf4 Qe1+ 55. Qf2 Qe5+ 56. Kh4 Qe4+ 57. Kg3 Qe5+ 58.
Kh4 Qe4+ 59. Kg3 1/2-1/2

[Event "Bayerische Meisterschaft (Frauen) 2015"]
[Site "Westerndorf St.Peter/Rosenheim"]
[Date "2015.08.22"]
[Round "1.4"]
[White "Stegmaier, Erika"]
[Black "Müller, Lilianne"]
[Result "1/2-1/2"]
[WhiteElo "1619"]
[BlackElo "1762"]
[PlyCount "62"]
[EventDate "2015.08.22"]
[WhiteTeam "1. SK Neuperlach"]
[BlackTeam "MSA Zugzwang 82"]

1. c4 e6 2. g3 Nf6 3. Bg2 c5 4. Nc3 Nc6 5. e3 a6 6. Nge2 Be7 7. O-O Rb8 8. d4
O-O 9. d5 exd5 10. cxd5 Qc7 11. dxc6 bxc6 12. b3 d5 13. Bb2 Bf5 14. Rc1 Rfd8
15. Na4 h5 16. Nxc5 Qc8 17. Be5 Rb5 18. Nd3 Ng4 19. Bb2 h4 20. Ndf4 hxg3 21.
fxg3 Nxe3 22. Qd4 Bf6 23. Qxe3 Bxb2 24. Rc5 d4 25. Qe5 d3 26. Qxb2 Rxc5 27. Nd4
Bg6 28. Nxg6 fxg6 29. Be4 Qg4 30. Rf4 Qd1+ 31. Rf1 Qg4 1/2-1/2

[Event "Bayerische Meisterschaft (Frauen) 2015"]
[Site "Westerndorf St.Peter/Rosenheim"]
[Date "2015.08.22"]
[Round "1.5"]
[White "Homfeldt, Claudia Laura"]
[Black "Riedelsheimer, Julia"]
[Result "1/2-1/2"]
[WhiteElo "1442"]
[BlackElo "1448"]
[PlyCount "41"]
[EventDate "2015.08.22"]
[WhiteTeam "SC Noris-Tarrasch Nürnberg 1873"]
[BlackTeam "SC Roter Turm Altstadt"]

1. e4 e6 2. Qe2 c5 3. Nc3 Ne7 4. Nf3 Nbc6 5. g3 e5 6. Bg2 d6 7. a3 Bg4 8. O-O
Nd4 9. Qd3 Nec6 10. Nxd4 Nxd4 11. f3 Bd7 12. a4 Rc8 13. b3 Be7 14. Bb2 Be6 15.
Nd5 O-O 16. f4 Bxd5 17. exd5 Bf6 18. Be4 h6 19. Bxd4 exd4 20. g4 Bh4 21. Rf3
1/2-1/2

[Event "Bayerische Meisterschaft (Frauen) 2015"]
[Site "Westerndorf St.Peter/Rosenheim"]
[Date "2015.08.22"]
[Round "2.1"]
[White "Huber, Dorit"]
[Black "Riedelsheimer, Julia"]
[Result "0-1"]
[WhiteElo "1612"]
[BlackElo "1448"]
[PlyCount "150"]
[EventDate "2015.08.22"]
[WhiteTeam "SK Germering"]
[BlackTeam "SC Roter Turm Altstadt"]

1. d4 d5 2. Bf4 Nf6 3. e3 c6 4. c3 e6 5. Bd3 c5 6. Nd2 Bd7 7. Ngf3 Nc6 8. O-O
Be7 9. h3 Qb6 10. Rb1 Rc8 11. Ne5 cxd4 12. exd4 a6 13. Qf3 O-O 14. Bg5 Qd8 15.
Rfe1 Ne8 16. Bxe7 Qxe7 17. Re3 Nxe5 18. Rxe5 Qf6 19. Rbe1 Qxf3 20. Nxf3 Nc7 21.
Rh5 g6 22. Rh4 f6 23. g4 Rf7 24. g5 Kg7 25. gxf6+ Rxf6 26. Ne5 Bb5 27. Bxb5
Nxb5 28. Nd7 Rf7 29. Nc5 Kg8 30. Nxe6 Re7 31. Re5 Rce8 32. Ng5 Rxe5 33. dxe5 h5
34. Nf3 Kg7 35. Rf4 Nc7 36. Rd4 Kh6 37. c4 Ne6 38. Rxd5 Nf4 39. Rd6 Nxh3+ 40.
Kg2 Nf4+ 41. Kf1 Re7 42. a4 Kg7 43. Rd4 Ne6 44. Rd6 Nc5 45. Rd5 Nxa4 46. b3 Nb6
47. Rc5 Kh6 48. Kg2 Na8 49. b4 Nc7 50. b5 Ne6 51. Rc8 axb5 52. cxb5 Nc7 53. Nd4
Nd5 54. Rd8 Rxe5 55. Rd7 Nc3 56. Rxb7 Rd5 57. b6 Rxd4 58. Rc7 Na4 59. b7 Rb4
60. f4 Nc5 61. Rxc5 Rxb7 62. Rc6 Rf7 63. Kg3 Rf5 64. Re6 Kg7 65. Rb6 Rf6 66.
Rb4 Rc6 67. Rb7+ Kf6 68. Kf3 Rc3+ 69. Ke4 Rc1 70. Rb6+ Kg7 71. Rb7+ Kh6 72. Rb6
Rf1 73. Rb5 h4 74. Rb6 h3 75. f5 Rxf5 0-1

[Event "Bayerische Meisterschaft (Frauen) 2015"]
[Site "Westerndorf St.Peter/Rosenheim"]
[Date "2015.08.22"]
[Round "2.2"]
[White "Müller, Lilianne"]
[Black "Homfeldt, Claudia Laura"]
[Result "0-1"]
[WhiteElo "1762"]
[BlackElo "1442"]
[PlyCount "118"]
[EventDate "2015.08.22"]
[WhiteTeam "MSA Zugzwang 82"]
[BlackTeam "SC Noris-Tarrasch Nürnberg 1873"]

1. d4 d6 2. c4 Nd7 3. Nf3 Ngf6 4. Nc3 g6 5. e4 Bg7 6. Be2 h6 7. O-O O-O 8. h3
Kh7 9. Be3 b6 10. a3 Bb7 11. Nd2 a6 12. f4 e5 13. d5 exf4 14. Bxf4 Ne5 15. Rc1
c6 16. Bxe5 dxe5 17. Nf3 cxd5 18. cxd5 Qd6 19. Qe1 Rac8 20. Nd2 b5 21. b4 Qb6+
22. Qf2 Qd4 23. Nb3 Qxf2+ 24. Kxf2 Rxc3 25. Nc5 Rxc1 26. Rxc1 Nxe4+ 27. Nxe4
Bxd5 28. Nc5 Rc8 29. Rd1 Bc6 30. Nxa6 f5 31. Nc5 f4 32. Bg4 Ra8 33. Rd6 Be8 34.
Re6 h5 35. Bf3 Rc8 36. Be4 Bf8 37. Rxe5 Kh6 38. Re6 Bf7 39. Rb6 Rxc5 40. Rf6
Rc7 41. Rxf4 Bd6 42. Rf6 Be5 43. Ra6 Ra7 44. Rc6 Rxa3 45. Bb1 Bd4+ 46. Ke2 Rb3
47. Bd3 Rb2+ 48. Kd1 Rxb4 49. h4 Be5 50. Rb6 Rxh4 51. Rxb5 Rh1+ 52. Ke2 Bc3 53.
Kf3 Rd1 54. Ke2 Rd2+ 55. Ke3 Rxg2 56. Be4 Rg3+ 57. Kf2 Be1+ 58. Kxe1 Re3+ 59.
Kf2 Rxe4 0-1

[Event "Bayerische Meisterschaft (Frauen) 2015"]
[Site "Westerndorf St.Peter/Rosenheim"]
[Date "2015.08.22"]
[Round "2.3"]
[White "Milak, Adela"]
[Black "Stegmaier, Erika"]
[Result "0-1"]
[WhiteElo "1659"]
[BlackElo "1619"]
[PlyCount "94"]
[EventDate "2015.08.22"]
[WhiteTeam "SC Haar 1931"]
[BlackTeam "1. SK Neuperlach"]

1. e4 c5 2. Nf3 Nc6 3. c3 a6 4. d4 cxd4 5. Nxd4 e6 6. g3 d6 7. Bg2 Qc7 8. Be3
Nf6 9. Nd2 Be7 10. O-O O-O 11. Rc1 e5 12. Nf5 Bxf5 13. exf5 d5 14. Kh1 Rad8 15.
Qc2 Qd7 16. Nb3 e4 17. f3 exf3 18. Bxf3 Ne5 19. Bg2 Neg4 20. Bd4 Qc7 21. Rce1
Bd6 22. Qd3 h5 23. Bxf6 Nxf6 24. Nd2 h4 25. Rf3 hxg3 26. hxg3 Ng4 27. Nf1 Ne5
28. Qxd5 Nxf3 29. Qxf3 Rfe8 30. Rb1 Re5 31. g4 Qe7 32. Qh3 Qg5 33. Bxb7 a5 34.
Bf3 Rde8 35. Rd1 Bc5 36. Qg3 Qh6+ 37. Nh2 Bd6 38. Kg2 Re2+ 39. Bxe2 Bxg3 40.
Nf3 Rxe2+ 41. Kxg3 Qb6 42. Rd4 Rxb2 43. g5 Qc7+ 44. Kh3 Rf2 45. Kg4 Rg2+ 46.
Kh5 g6+ 47. Kh4 Qg3# 0-1

[Event "Bayerische Meisterschaft (Frauen) 2015"]
[Site "Westerndorf St.Peter/Rosenheim"]
[Date "2015.08.22"]
[Round "2.4"]
[White "Homfeldt, Maren"]
[Black "Weiß, Monika"]
[Result "0-1"]
[WhiteElo "1333"]
[BlackElo "1633"]
[PlyCount "64"]
[EventDate "2015.08.22"]
[WhiteTeam "SC Noris-Tarrasch Nürnberg 1873"]
[BlackTeam "SC Bavaria Regensburg 1881"]

1. g3 e5 2. Bg2 d5 3. e3 f5 4. d3 Nf6 5. h3 Be7 6. b3 O-O 7. Bb2 c5 8. Bxe5 Nc6
9. Bb2 d4 10. e4 fxe4 11. dxe4 Qc7 12. a3 Be6 13. f4 Rad8 14. Qf3 c4 15. bxc4
Bxc4 16. Bf1 Bxf1 17. Kxf1 Na5 18. Nd2 Qxc2 19. Bc1 Nc4 20. Qb3 Qxb3 21. Nxb3
Nxe4 22. Nf3 Nxg3+ 23. Kg2 Nxh1 24. Kxh1 d3 25. Ra2 Bd6 26. Nbd4 Bxf4 27. Bxf4
Rxf4 28. Ne6 Rxf3 29. Nxd8 d2 30. Ra1 Rxa3 31. Rf1 Rxh3+ 32. Kg2 Ne3+ 0-1

[Event "Bayerische Meisterschaft (Frauen) 2015"]
[Site "Westerndorf St.Peter/Rosenheim"]
[Date "2015.08.22"]
[Round "2.5"]
[White "Lorenz, Oda"]
[Black "Janekovic, Vera"]
[Result "1-0"]
[WhiteElo "1805"]
[BlackElo "1618"]
[PlyCount "41"]
[EventDate "2015.08.22"]
[WhiteTeam "SG Augsburg 1873"]
[BlackTeam "FC Bayern München"]

1. e4 d6 2. d4 g6 3. Nc3 Bg7 4. Be2 Nf6 5. g4 Nc6 6. g5 Ng8 7. Be3 Bd7 8. h4 e6
9. Nh3 Qe7 10. Nf4 O-O-O 11. h5 Qe8 12. h6 Bf8 13. d5 Nce7 14. Qd4 e5 15. Qxa7
c5 16. dxc6 Nxc6 17. Qa8+ Nb8 18. Ba7 Bc6 19. Nfd5 Kd7 20. Bg4+ f5 21. gxf6+
1-0

[Event "Bayerische Meisterschaft (Frauen) 2015"]
[Site "Westerndorf St.Peter/Rosenheim"]
[Date "2015.08.22"]
[Round "3.1"]
[White "Janekovic, Vera"]
[Black "Huber, Dorit"]
[Result "1/2-1/2"]
[WhiteElo "1618"]
[BlackElo "1612"]
[PlyCount "70"]
[EventDate "2015.08.22"]
[WhiteTeam "FC Bayern München"]
[BlackTeam "SK Germering"]

1. e4 c6 2. d4 d5 3. exd5 cxd5 4. Bd3 Nf6 5. h3 e6 6. Nf3 Be7 7. O-O O-O 8. c3
b6 9. Bg5 Nfd7 10. Bxe7 Qxe7 11. Re1 Bb7 12. Bc2 Nc6 13. b4 Rac8 14. Bb3 Qd8
15. Nbd2 Nf6 16. Rc1 a6 17. a3 b5 18. Ba2 Ne8 19. Nb3 Nd6 20. Nc5 Rc7 21. Nd2
Qf6 22. Nxb7 Rxb7 23. Bb1 Rc8 24. Nb3 Nc4 25. Nc5 Ra7 26. a4 Ne7 27. a5 Rcc7
28. Qc2 Ng6 29. Ba2 Nd6 30. f3 Nf5 31. Kh2 Nfh4 32. Qf2 Qf4+ 33. Qg3 Nxf3+ 34.
gxf3 Qd2+ 35. Qg2 Qf4+ 1/2-1/2

[Event "Bayerische Meisterschaft (Frauen) 2015"]
[Site "Westerndorf St.Peter/Rosenheim"]
[Date "2015.08.22"]
[Round "3.2"]
[White "Weiß, Monika"]
[Black "Lorenz, Oda"]
[Result "1-0"]
[WhiteElo "1633"]
[BlackElo "1805"]
[PlyCount "79"]
[EventDate "2015.08.22"]
[WhiteTeam "SC Bavaria Regensburg 1881"]
[BlackTeam "SG Augsburg 1873"]

1. e4 e5 2. Bc4 Bc5 3. Nc3 Nf6 4. d3 h6 5. Na4 Be7 6. Nf3 d6 7. h3 c6 8. Nc3 b5
9. Bb3 a5 10. a4 b4 11. Ne2 O-O 12. O-O Nbd7 13. Be3 Nb6 14. c3 Be6 15. Bxe6
fxe6 16. cxb4 axb4 17. Qb3 c5 18. Qxe6+ Rf7 19. b3 Qd7 20. Qxd7 Nbxd7 21. Ng3
Nb8 22. Nf5 Bf8 23. Rac1 Nc6 24. Nd2 Na5 25. Rc2 Nh5 26. g3 Kh7 27. Nh4 g6 28.
Kh2 Be7 29. Ng2 Raf8 30. f4 exf4 31. gxf4 Ng7 32. d4 Ne6 33. d5 Nxf4 34. Rxf4
Rxf4 35. Bxf4 g5 36. Bg3 h5 37. Ne3 h4 38. Be1 Bf6 39. Nec4 Be5+ 40. Nxe5 1-0

[Event "Bayerische Meisterschaft (Frauen) 2015"]
[Site "Westerndorf St.Peter/Rosenheim"]
[Date "2015.08.22"]
[Round "3.3"]
[White "Stegmaier, Erika"]
[Black "Homfeldt, Maren"]
[Result "0-1"]
[WhiteElo "1619"]
[BlackElo "1333"]
[PlyCount "78"]
[EventDate "2015.08.22"]
[WhiteTeam "1. SK Neuperlach"]
[BlackTeam "SC Noris-Tarrasch Nürnberg 1873"]

1. c4 b6 2. Nc3 a6 3. d4 Bb7 4. e4 e6 5. Nf3 h6 6. Bd3 d6 7. O-O Nd7 8. Bf4 g6
9. Qc2 Bg7 10. Rac1 Ne7 11. Be2 O-O 12. e5 d5 13. cxd5 Nxd5 14. Nxd5 Bxd5 15.
b3 Ra7 16. Qd2 Kh7 17. Rc3 c5 18. Rfc1 Qe7 19. h3 Rc8 20. Qe3 cxd4 21. Nxd4
Rxc3 22. Rxc3 Qa3 23. Rc2 Nc5 24. Bf3 Rd7 25. Bxd5 Rxd5 26. Rd2 Qc1+ 27. Kh2
Nd7 28. Qe2 Bxe5 29. Bxe5 Rxe5 30. Qd3 Rd5 31. Rc2 Qf4+ 32. g3 Rxd4 33. Qxa6
Qe4 34. Rc1 Qf3 35. Qf1 Rd2 36. Kg1 Ne5 37. Qe1 Re2 38. Qf1 Nd3 39. Rc3 Rxf2
0-1

[Event "Bayerische Meisterschaft (Frauen) 2015"]
[Site "Westerndorf St.Peter/Rosenheim"]
[Date "2015.08.22"]
[Round "3.4"]
[White "Homfeldt, Claudia Laura"]
[Black "Milak, Adela"]
[Result "0-1"]
[WhiteElo "1442"]
[BlackElo "1659"]
[PlyCount "128"]
[EventDate "2015.08.22"]
[WhiteTeam "SC Noris-Tarrasch Nürnberg 1873"]
[BlackTeam "SC Haar 1931"]

1. e4 g6 2. Nc3 Bg7 3. Nf3 d6 4. Bc4 e5 5. d3 Be6 6. Be3 Bxc4 7. dxc4 Nf6 8.
Bg5 Qd7 9. O-O O-O 10. Qe2 h6 11. Bxf6 Bxf6 12. Rad1 Na6 13. a3 Nc5 14. Nd5 Bg7
15. b3 Rac8 16. Nc3 a6 17. Nd5 f5 18. exf5 Rxf5 19. b4 Na4 20. c5 Rf7 21. Nh4
Qe6 22. Qe4 g5 23. Qg6 Re8 24. Qxe6 Rxe6 25. Nf3 dxc5 26. bxc5 Nxc5 27. Ne3 Rd6
28. Nc4 Rxd1 29. Rxd1 Rd7 30. Rxd7 Nxd7 31. h3 b5 32. Ne3 e4 33. Nd2 Nc5 34.
Nf5 Bc3 35. Nb3 Nxb3 36. cxb3 Bd2 37. Nxh6+ Kh7 38. Nf7 Kg6 39. Ne5+ Kf5 40.
Ng4 c5 41. Ne3+ Ke5 42. Kf1 Bc1 43. a4 bxa4 44. bxa4 Kd4 45. Ng4 c4 46. Ke1 c3
47. Kd1 Ba3 48. Ne3 Kd3 49. Nc2 Bc5 50. Ne1+ Kc4 51. Kc2 Bxf2 52. h4 gxh4 53.
g3 Bxe1 54. gxh4 Bxh4 55. a5 e3 56. Kc1 Kd3 57. Kb1 e2 58. Ka2 c2 59. Kb3 c1=Q
60. Ka4 Qc4+ 61. Ka3 Be7+ 62. Kb2 Qc3+ 63. Ka2 Qa3+ 64. Kb1 e1=Q# 0-1

[Event "Bayerische Meisterschaft (Frauen) 2015"]
[Site "Westerndorf St.Peter/Rosenheim"]
[Date "2015.08.22"]
[Round "3.5"]
[White "Riedelsheimer, Julia"]
[Black "Müller, Lilianne"]
[Result "1/2-1/2"]
[WhiteElo "1448"]
[BlackElo "1762"]
[PlyCount "79"]
[EventDate "2015.08.22"]
[WhiteTeam "SC Roter Turm Altstadt"]
[BlackTeam "MSA Zugzwang 82"]

1. d4 e6 2. c4 c5 3. e3 Nf6 4. g3 Qc7 5. Bg2 cxd4 6. Qxd4 d5 7. b3 Nc6 8. Qd3
dxc4 9. Qxc4 Bd7 10. Bb2 Bb4+ 11. Nc3 O-O 12. Nf3 Rac8 13. O-O a6 14. Rac1 b5
15. Qe2 Qb8 16. Rfd1 Rfd8 17. Nd2 Ne5 18. Nce4 Be7 19. f4 Neg4 20. h3 Nxe4 21.
Nxe4 Nf6 22. Be5 Qa7 23. Nf2 b4 24. Bd4 Bb5 25. Bxa7 Bxe2 26. Rxd8+ Rxd8 27.
Rc7 Bd6 28. Rc2 Bb5 29. e4 e5 30. Rd2 exf4 31. gxf4 Bc7 32. Rxd8+ Bxd8 33. Bc5
a5 34. e5 Nh5 35. Be3 Ng3 36. Ne4 Nf5 37. Bc5 Bd3 38. Nd2 h6 39. Be4 Bxe4 40.
Nxe4 1/2-1/2

[Event "Bayerische Meisterschaft (Frauen) 2015"]
[Site "Westerndorf St.Peter/Rosenheim"]
[Date "2015.08.22"]
[Round "4.1"]
[White "Huber, Dorit"]
[Black "Müller, Lilianne"]
[Result "0-1"]
[WhiteElo "1612"]
[BlackElo "1762"]
[PlyCount "66"]
[EventDate "2015.08.22"]
[WhiteTeam "SK Germering"]
[BlackTeam "MSA Zugzwang 82"]

1. d4 e6 2. Bf4 d5 3. e3 c5 4. c3 cxd4 5. exd4 Bd6 6. Be3 Nf6 7. Nf3 Nc6 8. Bd3
a6 9. Nbd2 O-O 10. O-O e5 11. Nxe5 Nxe5 12. dxe5 Bxe5 13. Nf3 Bc7 14. Qc2 g6
15. Bg5 Qd6 16. Bh4 Nh5 17. Rad1 Bg4 18. Bg3 Nxg3 19. hxg3 Rfe8 20. Bc4 Bxf3
21. gxf3 Re5 22. f4 Rh5 23. Qb3 Qd7 24. Rxd5 Rxd5 25. Bxd5 Re8 26. Rd1 Qf5 27.
Qxb7 Re7 28. Bb3 h5 29. Qd5 Qg4 30. Qg2 Bb6 31. Rd2 Kg7 32. Qc6 Qxg3+ 33. Qg2
Re1# 0-1

[Event "Bayerische Meisterschaft (Frauen) 2015"]
[Site "Westerndorf St.Peter/Rosenheim"]
[Date "2015.08.22"]
[Round "4.2"]
[White "Milak, Adela"]
[Black "Riedelsheimer, Julia"]
[Result "0-1"]
[WhiteElo "1659"]
[BlackElo "1448"]
[PlyCount "88"]
[EventDate "2015.08.22"]
[WhiteTeam "SC Haar 1931"]
[BlackTeam "SC Roter Turm Altstadt"]

1. Nf3 d5 2. b3 c5 3. Bb2 Nc6 4. d4 e6 5. dxc5 Nf6 6. Bd4 Nxd4 7. Qxd4 Ne4 8.
b4 a5 9. a3 axb4 10. axb4 Rxa1 11. Qxa1 b6 12. Qa4+ Bd7 13. c6 Bc8 14. c7+ Qd7
15. Qa7 Bxb4+ 16. Nfd2 Qc6 17. e3 Bxd2+ 18. Nxd2 Qc3 19. Qa4+ Ke7 20. Qd4 Qxd2+
21. Qxd2 Nxd2 22. Kxd2 Kd6 23. c4 Bb7 24. cxd5 Bxd5 25. Ba6 Kxc7 26. Rc1+ Kd6
27. f3 Rb8 28. e4 Ba8 29. Bb5 e5 30. Ke3 f6 31. g3 Bb7 32. f4 Rc8 33. fxe5+
Kxe5 34. Rxc8 Bxc8 35. Bc6 Ba6 36. Bd5 h6 37. Bb3 Bb7 38. Bc2 b5 39. Bd3 Bc6
40. Bc2 b4 41. Bd3 b3 42. Bb1 Bb5 43. Kf3 Kd4 44. Kf4 Bd3 0-1

[Event "Bayerische Meisterschaft (Frauen) 2015"]
[Site "Westerndorf St.Peter/Rosenheim"]
[Date "2015.08.22"]
[Round "4.3"]
[White "Homfeldt, Maren"]
[Black "Homfeldt, Claudia Laura"]
[Result "0-1"]
[WhiteElo "1333"]
[BlackElo "1442"]
[PlyCount "46"]
[EventDate "2015.08.22"]
[WhiteTeam "SC Noris-Tarrasch Nürnberg 1873"]
[BlackTeam "SC Noris-Tarrasch Nürnberg 1873"]

1. g3 c5 2. Bg2 Nc6 3. a3 Nf6 4. h3 g6 5. b3 Bg7 6. Bb2 O-O 7. e3 e5 8. d3 d6
9. Ne2 Be6 10. Nd2 Qd7 11. Kf1 a6 12. Kg1 Rab8 13. Kh2 Ne7 14. Rf1 b6 15. Ng1
b5 16. Ndf3 c4 17. e4 Nc6 18. Ng5 Nd4 19. Nxe6 Qxe6 20. dxc4 bxc4 21. Bxd4 exd4
22. Qxd4 cxb3 23. cxb3 Ng4+ 0-1

[Event "Bayerische Meisterschaft (Frauen) 2015"]
[Site "Westerndorf St.Peter/Rosenheim"]
[Date "2015.08.22"]
[Round "4.4"]
[White "Lorenz, Oda"]
[Black "Stegmaier, Erika"]
[Result "1-0"]
[WhiteElo "1805"]
[BlackElo "1619"]
[PlyCount "183"]
[EventDate "2015.08.22"]
[WhiteTeam "SG Augsburg 1873"]
[BlackTeam "1. SK Neuperlach"]

1. e4 g6 2. d4 Bg7 3. Nc3 e6 4. Be3 Ne7 5. Bd3 d6 6. Qd2 Nbc6 7. Nge2 a6 8. a3
O-O 9. Bh6 b5 10. Bxg7 Kxg7 11. f4 Rb8 12. d5 exd5 13. exd5 Na7 14. O-O c6 15.
dxc6 Naxc6 16. Ne4 Bf5 17. N2g3 d5 18. Qc3+ d4 19. Qc5 Qb6 20. Qxb6 Rxb6 21.
Nxf5+ Nxf5 22. Nc5 Nce7 23. Nd7 Rb7 24. Nxf8 Kxf8 25. Rae1 Rc7 26. Re4 Rd7 27.
Re5 Ne3 28. Rf3 Kg7 29. h3 N7d5 30. g4 h6 31. g5 hxg5 32. Rxg5 Re7 33. Re5 Rd7
34. f5 gxf5 35. Bxf5 Nxf5 36. Rexf5 Ne3 37. Rg3+ Kf8 38. Rc5 Rd8 39. b3 Nd5 40.
Kf1 Nc3 41. Rd3 Ne4 42. Rh5 Rd6 43. Rh4 Rf6+ 44. Ke1 Ng5 45. Ke2 Re6+ 46. Kf1
Rf6+ 47. Kg2 Ne6 48. Rf3 Rg6+ 49. Rg4 Rh6 50. h4 Rh5 51. Re4 Rh6 52. Kf2 Kg7
53. Rg4+ Kf8 54. Ke2 Rh5 55. Re4 Kg7 56. Kd2 Rd5 57. c3 dxc3+ 58. Kxc3 a5 59.
Rg4+ Kf8 60. Rd3 Rc5+ 61. Kd2 Rf5 62. Rc3 Rd5+ 63. Ke3 Nc5 64. Rg5 Rxg5 65.
hxg5 Ne6 66. Rc2 Ke7 67. Ke4 Nxg5+ 68. Kd5 Kd7 69. Rf2 Kc7 70. Rf5 Nh3 71.
Rxf7+ Kb8 72. Kc6 b4 73. a4 Ng5 74. Rf5 Ne6 75. Kb6 Kc8 76. Kxa5 Nd4 77. Rc5+
Kb7 78. Kxb4 Kb6 79. Rc8 Kb7 80. Rc4 Ne6 81. Kb5 Nd8 82. a5 Ne6 83. b4 Ka7 84.
Rc6 Nd4+ 85. Kc5 Nxc6 86. Kxc6 Ka6 87. Kc5 Ka7 88. b5 Kb7 89. Kd6 Kb8 90. Kc6
Ka8 91. b6 Kb8 92. b7 1-0

[Event "Bayerische Meisterschaft (Frauen) 2015"]
[Site "Westerndorf St.Peter/Rosenheim"]
[Date "2015.08.22"]
[Round "4.5"]
[White "Janekovic, Vera"]
[Black "Weiß, Monika"]
[Result "1/2-1/2"]
[WhiteElo "1618"]
[BlackElo "1633"]
[PlyCount "58"]
[EventDate "2015.08.22"]
[WhiteTeam "FC Bayern München"]
[BlackTeam "SC Bavaria Regensburg 1881"]

1. e4 d6 2. d4 Nf6 3. Nc3 g6 4. Nf3 Bg7 5. Be3 O-O 6. Be2 c6 7. O-O Qc7 8. Qd2
Nbd7 9. Bh6 e5 10. Bxg7 Kxg7 11. dxe5 dxe5 12. Rad1 Nc5 13. Qe3 Ne6 14. Bc4 b5
15. Bxe6 Bxe6 16. a3 a5 17. Qc5 Nd7 18. Nxb5 Qb7 19. Rxd7 Qxb5 20. Qxb5 cxb5
21. Rb7 Bc4 22. Rd1 Rad8 23. Rdd7 Rxd7 24. Rxd7 Kf6 25. b3 Be2 26. Ra7 Rd8 27.
h3 Rd1+ 28. Kh2 Bxf3 29. gxf3 Rd2 1/2-1/2

[Event "Bayerische Meisterschaft (Frauen) 2015"]
[Site "Westerndorf St.Peter/Rosenheim"]
[Date "2015.08.22"]
[Round "5.1"]
[White "Weiß, Monika"]
[Black "Huber, Dorit"]
[Result "0-1"]
[WhiteElo "1633"]
[BlackElo "1612"]
[PlyCount "55"]
[EventDate "2015.08.22"]
[WhiteTeam "SC Bavaria Regensburg 1881"]
[BlackTeam "SK Germering"]

1. e4 c6 2. d4 d5 3. e5 Bf5 4. Nf3 h6 5. Bd3 Bxd3 6. Qxd3 e6 7. Nbd2 Nd7 8. a3
Ne7 9. b4 a5 10. b5 a4 11. Rb1 c5 12. c4 cxd4 13. cxd5 Nxd5 14. Ne4 Nc5 15.
Nxc5 Bxc5 16. Bd2 Qb6 17. O-O Rc8 18. Rfc1 O-O 19. Rc4 Nc3 20. Bxc3 dxc3 21.
Qxc3 Bxf2+ 22. Kf1 Rc5 23. Rxc5 Qxc5 24. Qd2 Qe3 25. Qxf2 Qd3+ 26. Qe2 Qxb1+
27. Kf2 Re8 28. Qe4 0-1

[Event "Bayerische Meisterschaft (Frauen) 2015"]
[Site "Westerndorf St.Peter/Rosenheim"]
[Date "2015.08.22"]
[Round "5.2"]
[White "Stegmaier, Erika"]
[Black "Janekovic, Vera"]
[Result "1/2-1/2"]
[WhiteElo "1619"]
[BlackElo "1618"]
[PlyCount "55"]
[EventDate "2015.08.22"]
[WhiteTeam "1. SK Neuperlach"]
[BlackTeam "FC Bayern München"]

1. c4 e5 2. g3 Nf6 3. Bg2 Be7 4. Nc3 O-O 5. e3 d6 6. Nge2 c6 7. O-O Be6 8. b3
Qd7 9. d4 exd4 10. exd4 d5 11. c5 Bh3 12. Nf4 Bxg2 13. Kxg2 Rd8 14. Re1 Ne4 15.
Nxe4 dxe4 16. Rxe4 Bxc5 17. Bb2 Bd6 18. Kg1 Na6 19. Qf3 Bxf4 20. Rxf4 Nb4 21.
a3 Nd5 22. Re4 Re8 23. Rae1 Rxe4 24. Rxe4 Re8 25. Qe2 Rxe4 26. Qxe4 f6 27. b4
a6 28. Qe2 1/2-1/2

[Event "Bayerische Meisterschaft (Frauen) 2015"]
[Site "Westerndorf St.Peter/Rosenheim"]
[Date "2015.08.22"]
[Round "5.3"]
[White "Homfeldt, Claudia Laura"]
[Black "Lorenz, Oda"]
[Result "1/2-1/2"]
[WhiteElo "1442"]
[BlackElo "1805"]
[PlyCount "97"]
[EventDate "2015.08.22"]
[WhiteTeam "SC Noris-Tarrasch Nürnberg 1873"]
[BlackTeam "SG Augsburg 1873"]

1. e4 e5 2. Nf3 Nc6 3. Bc4 Bc5 4. d3 Nf6 5. Nc3 O-O 6. Bg5 h6 7. Bh4 Be7 8. a3
d6 9. h3 a6 10. O-O Na5 11. Ba2 c5 12. b4 cxb4 13. axb4 Nc6 14. b5 Nb4 15. Bc4
a5 16. Na4 d5 17. exd5 Nbxd5 18. Nxe5 Be6 19. Nf3 Nf4 20. Bxe6 Nxe6 21. c4 Nd7
22. Bxe7 Qxe7 23. Re1 Qf6 24. Qd2 Nf4 25. Nb2 b6 26. Na4 Nxh3+ 27. gxh3 Qxf3
28. Qe3 Qf6 29. Qe7 Qg6+ 30. Kh2 Qxd3 31. Red1 Qxc4 32. Qxd7 Qf4+ 33. Kg2 Qe4+
34. Kg1 Qg6+ 35. Kf1 Rae8 36. Re1 Rd8 37. Qc6 Qd3+ 38. Kg2 Rd6 39. Qc7 Rg6+ 40.
Kh2 Qf3 41. Qg3 Rxg3 42. fxg3 Qf2+ 43. Kh1 Qxg3 44. Nxb6 Rb8 45. Nd7 Rxb5 46.
Re8+ Kh7 47. Nf8+ Kg8 48. Nd7+ Kh7 49. Nf8+ 1/2-1/2

[Event "Bayerische Meisterschaft (Frauen) 2015"]
[Site "Westerndorf St.Peter/Rosenheim"]
[Date "2015.08.22"]
[Round "5.4"]
[White "Riedelsheimer, Julia"]
[Black "Homfeldt, Maren"]
[Result "1-0"]
[WhiteElo "1448"]
[BlackElo "1333"]
[PlyCount "49"]
[EventDate "2015.08.22"]
[WhiteTeam "SC Roter Turm Altstadt"]
[BlackTeam "SC Noris-Tarrasch Nürnberg 1873"]

1. d4 b6 2. c4 Bb7 3. Nc3 a6 4. e4 e6 5. Nf3 d6 6. Be2 h6 7. O-O Nd7 8. Be3 Ne7
9. Qc2 g6 10. Rad1 Bg7 11. d5 e5 12. Nd2 O-O 13. b4 Kh7 14. c5 bxc5 15. bxc5
dxc5 16. Na4 f5 17. f3 f4 18. Bxc5 Nxc5 19. Nxc5 Qc8 20. Rb1 Ra7 21. Nxb7 c6
22. d6 Ng8 23. Nc5 Nf6 24. Nc4 Rff7 25. Nxe5 1-0